[Event "Oberliga Ost A 2023 2024"]
[Site "?"]
[Date "2023.12.03"]
[Round "3.6"]
[Board "1"]
[White "Cerveny, Martin"]
[Black "Englert, Luca"]
[Result "1-0"]
[WhiteElo "2390"]
[BlackElo "2149"]
[PlyCount "123"]
[EventDate "2023.10.22"]
[EventType "team-tourn"]
[EventCountry "GER"]
[WhiteTeam "Aue ESV Nickelhuette II"]
[BlackTeam "Leipzig VfB"]
[WhiteTeamCountry "GER"]
[BlackTeamCountry "GER"]

1. d4 d5 2. c4 c6 3. Nf3 Nf6 4. e3 e6 5. Nbd2 Nbd7 6. Bd3 Bd6 7. e4 dxe4 8. Nxe4 Nxe4 9. Bxe4 Nf6 10. Bc2 h6 11. O-O O-O 12. b3 b5 13. c5 Bc7 14. Qd3 a5 15. Re1 b4 16. Be3 Qd5 17. Qd2 Qh5 18. Bf4 Bxf4 19. Qxf4 Nd5 20. Qg3 Rd8 21. Re4 Nc3 22. Re5 Rd5 23. Rae1 Rxe5 24. Rxe5 f5 25. h3 Ba6 26. Rxe6 Ne2+ 27. Rxe2 Bxe2 28. Ne5 Bb5 29. h4 Rf8 30. Qe3 Re8 31. Qf4 g6 32. f3 Kg7 33. g3 Re7 34. Kf2 Ba6 35. Bd1 Bc8 36. d5 cxd5 37. Qd4 f4 38. Nc6+ Kf7 39. Nxe7 fxg3+ 40. Kxg3 Kxe7 41. Qg7+ Ke6 42. Qg8+ Kd7 43. Qf7+ Kc6 44. Qf6+ Kxc5 45. Qf8+ Kd4 46. Qxc8 Qe5+ 47. Kg2 Qe1 48. Qc1 Qxh4 49. Qd2+ Kc5 50. f4 Qf6 51. Bf3 Qd4 52. Qc2+ Qc3 53. Qxg6 Qd2+ 54. Kg3 Qxa2 55. Qd3 Kd6 56. Qxd5+ Ke7 57. f5 Qa1 58. Qe6+ Kf8 59. Qd6+ Kg7 60. Qe7+ Kg8 61. Bd5+ Kh8 62. Qf8+ 1-0

[Event "Oberliga Ost A 2023 2024"]
[Site "?"]
[Date "2023.12.03"]
[Round "3.6"]
[Board "2"]
[White "Geiling, Christian"]
[Black "Bulockin, Martin"]
[Result "1/2-1/2"]
[WhiteElo "2182"]
[BlackElo "2294"]
[PlyCount "45"]
[EventDate "2023.10.22"]
[EventType "team-tourn"]
[EventCountry "GER"]
[WhiteTeam "Leipzig VfB"]
[BlackTeam "Aue ESV Nickelhuette II"]
[WhiteTeamCountry "GER"]
[BlackTeamCountry "GER"]

1. Nf3 c5 2. c4 Nc6 3. e3 Nf6 4. b3 e6 5. Be2 d5 6. O-O d4 7. d3 e5 8. Nbd2 Be7 9. e4 O-O 10. Ne1 Ne8 11. Bg4 Nd6 12. g3 g6 13. f4 f5 14. exf5 Bxf5 15. Bxf5 Rxf5 16. Ne4 exf4 17. gxf4 Qf8 18. Ng3 Rf7 19. Ng2 Re8 20. Bd2 Nf5 21. Qf3 Nxg3 22. hxg3 Bd8 23. Rae1 1/2-1/2

[Event "Oberliga Ost A 2023 2024"]
[Site "?"]
[Date "2023.12.03"]
[Round "3.6"]
[Board "3"]
[White "Schnabel, Ralf"]
[Black "Rohne, Lars"]
[Result "1/2-1/2"]
[WhiteElo "2203"]
[BlackElo "2121"]
[PlyCount "31"]
[EventDate "2023.10.22"]
[EventType "team-tourn"]
[EventCountry "GER"]
[WhiteTeam "Aue ESV Nickelhuette II"]
[BlackTeam "Leipzig VfB"]
[WhiteTeamCountry "GER"]
[BlackTeamCountry "GER"]

1. e4 c5 2. Nf3 e6 3. b3 Nf6 4. e5 Nd5 5. c4 Nc7 6. Bb2 Nc6 7. Be2 d6 8. exd6 Qxd6 9. d4 cxd4 10. Nxd4 Nxd4 11. Qxd4 Qxd4 12. Bxd4 f6 13. f4 Bd6 14. O-O b6 15. Nc3 Bb7 16. Bf3 1/2-1/2

[Event "Oberliga Ost A 2023 2024"]
[Site "?"]
[Date "2023.12.03"]
[Round "3.6"]
[Board "4"]
[White "Just, Wolfgang"]
[Black "Heinz, Juergen"]
[Result "1/2-1/2"]
[WhiteElo "2082"]
[BlackElo "2142"]
[PlyCount "109"]
[EventDate "2023.10.22"]
[EventType "team-tourn"]
[EventCountry "GER"]
[WhiteTeam "Leipzig VfB"]
[BlackTeam "Aue ESV Nickelhuette II"]
[WhiteTeamCountry "GER"]
[BlackTeamCountry "GER"]

1. e4 Nf6 2. Nc3 e5 3. Nf3 Bb4 4. d3 Nc6 5. Bg5 h6 6. Bh4 d6 7. a3 Bxc3+ 8. bxc3 Bg4 9. Be2 Bxf3 10. Bxf3 g5 11. Bg3 h5 12. h4 g4 13. Be2 Qe7 14. Qb1 O-O-O 15. Qb5 a6 16. Qa4 Nd7 17. Qb3 Nc5 18. Qa2 Rhg8 19. O-O Qe6 20. c4 f5 21. exf5 Qxf5 22. Rad1 Ne6 23. c3 Nf4 24. Rfe1 Qf6 25. Qb2 Rde8 26. Rb1 Nd8 27. Bf1 Ng6 28. d4 exd4 29. Rxe8 Rxe8 30. cxd4 Nxh4 31. c5 Nf5 32. c6 bxc6 33. Bxa6+ Kd7 34. Bd3 Nxd4 35. Bh4 Qxh4 36. Qxd4 Qg5 37. Qc3 Qe5 38. Qc2 Rf8 39. Qd2 Ne6 40. Re1 Qf4 41. Qe2 Qf6 42. Qe3 Nf4 43. Bc2 Nd5 44. Qe2 Nf4 45. Qe3 d5 46. Ba4 Ne6 47. Rc1 Nd8 48. Qc5 Qd6 49. Qd4 Rf4 50. Qg7+ Kc8 51. Bc2 Qxa3 52. Ra1 Qc5 53. Ra8+ Kb7 54. Qa1 Qxf2+ 55. Kh2 1/2-1/2

[Event "Oberliga Ost A 2023 2024"]
[Site "?"]
[Date "2023.12.03"]
[Round "3.6"]
[Board "5"]
[White "Kunze, Kerstin"]
[Black "Schoen, Florian"]
[Result "0-1"]
[WhiteElo "2000"]
[BlackElo "1879"]
[PlyCount "78"]
[EventDate "2023.10.22"]
[EventType "team-tourn"]
[EventCountry "GER"]
[WhiteTeam "Aue ESV Nickelhuette II"]
[BlackTeam "Leipzig VfB"]
[WhiteTeamCountry "GER"]
[BlackTeamCountry "GER"]

1. e4 e5 2. Nf3 Nc6 3. Bb5 a6 4. Ba4 Nf6 5. O-O Be7 6. Re1 b5 7. Bb3 O-O 8. a4 d5 9. Bxd5 Nxd5 10. exd5 Qxd5 11. Nc3 Qc5 12. axb5 Nd4 13. b4 Qd6 14. Ne4 Qd5 15. c4 Qxc4 16. Nxe5 Qxb5 17. Nc3 Qb7 18. Re4 Nb5 19. Qe2 Bd6 20. Bb2 Bf5 21. Rf4 Nxc3 22. Bxc3 Be6 23. Rh4 Qd5 24. Ng4 Qg5 25. Qe4 Bf5 26. Qd4 f6 27. Ne3 Be6 28. Qe4 Rfe8 29. Qxh7+ Kf7 30. Rh5 Rh8 31. Rxg5 Rxh7 32. Rga5 Rxh2 33. Rxa6 Rah8 34. Kf1 Bf4 35. d3 Rd8 36. Ke2 Bxe3 37. Kxe3 Rxg2 38. Rc6 Bf5 39. Rxc7+ Kg8 $138 0-1

[Event "Oberliga Ost A 2023 2024"]
[Site "?"]
[Date "2023.12.03"]
[Round "3.6"]
[Board "6"]
[White "Collini, Carsten"]
[Black "Poessel, Christian"]
[Result "1/2-1/2"]
[WhiteElo "2104"]
[BlackElo "1972"]
[PlyCount "82"]
[EventDate "2023.10.22"]
[EventType "team-tourn"]
[EventCountry "GER"]
[WhiteTeam "Leipzig VfB"]
[BlackTeam "Aue ESV Nickelhuette II"]
[WhiteTeamCountry "GER"]
[BlackTeamCountry "GER"]

1. e4 c5 2. Nf3 d6 3. d4 cxd4 4. Qxd4 a6 5. c4 Nc6 6. Qd2 Bg4 7. Be2 Nf6 8. Nc3 Rc8 9. b3 g6 10. Bb2 Bg7 11. O-O O-O 12. h3 Bxf3 13. Bxf3 Nd7 14. Bg4 Nce5 15. Bxd7 Nxd7 16. Nd5 Bxb2 17. Qxb2 e6 18. Ne3 Qf6 19. Qd2 Nc5 20. Ng4 Qe7 21. Rfe1 h5 22. Nh2 b5 23. cxb5 axb5 24. Rad1 Rfd8 25. Nf3 Kg7 26. Nd4 Qb7 27. Qe3 e5 28. Nf5+ gxf5 29. Qg5+ Kf8 30. exf5 Qe7 31. f6 Qe6 32. f4 e4 33. f5 Qe5 34. Qg7+ Ke8 35. Qg8+ Kd7 36. Qxf7+ Kc6 37. b4 Nd3 38. Rxd3 exd3 39. Rxe5 dxe5 40. Qe6+ Kb7 41. Qxe5 d2 1/2-1/2

[Event "Oberliga Ost A 2023 2024"]
[Site "?"]
[Date "2023.12.03"]
[Round "3.6"]
[Board "7"]
[White "Heinz, Thomas"]
[Black "Gerhardt, Dirk"]
[Result "1-0"]
[WhiteElo "2105"]
[BlackElo "1773"]
[PlyCount "85"]
[EventDate "2023.10.22"]
[EventType "team-tourn"]
[EventCountry "GER"]
[WhiteTeam "Aue ESV Nickelhuette II"]
[BlackTeam "Leipzig VfB"]
[WhiteTeamCountry "GER"]
[BlackTeamCountry "GER"]

1. e4 g6 2. Nc3 Bg7 3. d4 c6 4. Be3 d5 5. Bd3 dxe4 6. Bxe4 Nf6 7. Bf3 Be6 8. Nge2 Nbd7 9. Nf4 Bc4 10. b3 Ba6 11. Nce2 e5 12. dxe5 Nxe5 13. Nd4 c5 14. Nde2 Nxf3+ 15. gxf3 Qxd1+ 16. Rxd1 b6 17. Kf1 O-O 18. c4 Rad8 19. Kg2 Bb7 20. h4 Rfe8 21. Nc3 Ng4 22. Ncd5 Ne5 23. Kg3 Nc6 24. Nc7 Rf8 25. Nb5 Be5 26. Kg2 a6 27. Na3 Nd4 28. Bxd4 Bxd4 29. Nc2 Bf6 30. Ne3 Rxd1 31. Rxd1 Rd8 32. Nfd5 Bxd5 33. Nxd5 Bxh4 34. Kh3 Rxd5 35. Rxd5 Bxf2 36. Rd6 b5 37. Kg2 Be3 38. cxb5 axb5 39. a4 b4 40. a5 Kf8 41. a6 c4 42. bxc4 b3 43. Rd3 1-0

[Event "Oberliga Ost A 2023 2024"]
[Site "?"]
[Date "2023.12.03"]
[Round "3.6"]
[Board "8"]
[White "Willberg, Marek"]
[Black "Schubert, Christian"]
[Result "1-0"]
[WhiteElo "1451"]
[BlackElo "1734"]
[PlyCount "61"]
[EventDate "2023.10.22"]
[EventType "team-tourn"]
[EventCountry "GER"]
[WhiteTeam "Leipzig VfB"]
[BlackTeam "Aue ESV Nickelhuette II"]
[WhiteTeamCountry "GER"]
[BlackTeamCountry "GER"]

1. c4 e5 2. Nc3 Nf6 3. e4 Nc6 4. Be2 Be7 5. Nf3 d6 6. d3 O-O 7. O-O h6 8. a3 a5 9. Bd2 Bg4 10. Nd5 Bxf3 11. Bxf3 Nd4 12. Bc3 Nxf3+ 13. Qxf3 c6 14. Ne3 g6 15. Qh3 Kg7 16. f4 Nd7 17. fxe5 dxe5 18. Ng4 Bc5+ 19. Kh1 Qg5 20. Nxh6 Rad8 21. Ng4 Rh8 22. Qf3 f6 23. Bxa5 b6 24. Bc3 Rh4 25. Nf2 Bxf2 26. Rxf2 Nc5 27. Bd2 Rxh2+ 28. Kxh2 Qh4+ 29. Kg1 Rh8 30. Kf1 Ne6 31. Qh3 1-0

[Event "Oberliga Ost A 2023 2024"]
[Site "?"]
[Date "2024.01.13"]
[Round "4.1"]
[Board "1"]
[White "Dahl, Christoph"]
[Black "Mastrovasilis, Dimitrios"]
[Result "1/2-1/2"]
[WhiteElo "2360"]
[BlackElo "2577"]
[PlyCount "84"]
[EventDate "2023.10.22"]
[EventType "team-tourn"]
[EventCountry "GER"]
[WhiteTeam "Dresden SG Gruen Weiss"]
[BlackTeam "Plauen SK Koenig"]
[WhiteTeamCountry "GER"]
[BlackTeamCountry "GER"]

1. d4 d5 2. c4 c6 3. Nc3 Nf6 4. e3 e6 5. Nf3 Nbd7 6. Be2 Bd6 7. O-O O-O 8. b3 b6 9. Bb2 Bb7 10. Rc1 Qe7 11. Re1 Rfd8 12. Bd3 Bb4 13. Qc2 h6 14. Re2 dxc4 15. bxc4 c5 16. Ne4 Rac8 17. a3 Ba5 18. Nfd2 Nxe4 19. Bxe4 Bxd2 20. Rxd2 Bxe4 21. Qxe4 cxd4 22. Rxd4 Nc5 23. Qc2 Qg5 24. Rcd1 Rxd4 25. Rxd4 Qf5 26. Qxf5 exf5 27. Kf1 Kf8 28. Rd5 g6 29. Ke2 Ke7 30. Be5 Nd7 31. Kd3 Nc5+ 32. Ke2 Rc6 33. Bc3 Nd7 34. Kd3 Ke6 35. Bd4 h5 36. f3 Rd6 37. e4 fxe4+ 38. fxe4 Rc6 39. a4 a5 40. Rb5 Rd6 41. Ke3 Rc6 42. Kd3 Rd6 1/2-1/2

[Event "Oberliga Ost A 2023 2024"]
[Site "?"]
[Date "2024.01.13"]
[Round "4.1"]
[Board "2"]
[White "Zawadzka, Jolanta"]
[Black "Zwahr, Paul"]
[Result "1/2-1/2"]
[WhiteElo "2349"]
[BlackElo "2280"]
[PlyCount "48"]
[EventDate "2023.10.22"]
[EventType "team-tourn"]
[EventCountry "GER"]
[WhiteTeam "Plauen SK Koenig"]
[BlackTeam "Dresden SG Gruen Weiss"]
[WhiteTeamCountry "GER"]
[BlackTeamCountry "GER"]

1. e4 e5 2. Nf3 Nc6 3. Bb5 a6 4. Ba4 Nf6 5. O-O d6 6. Re1 Bd7 7. c3 g6 8. d4 Bg7 9. d5 Ne7 10. Bxd7+ Nxd7 11. Be3 h6 12. a4 f5 13. exf5 gxf5 14. Nh4 O-O 15. f4 Nf6 16. c4 Ng4 17. Ra3 Kh7 18. fxe5 Nxd5 19. Nxf5 Ndxe3 20. Nxe3 Nxe3 21. Raxe3 Bxe5 22. Qd3+ Kh8 23. Nd2 Qh4 24. g3 Qd4 1/2-1/2

[Event "Oberliga Ost A 2023 2024"]
[Site "?"]
[Date "2024.01.13"]
[Round "4.1"]
[Board "3"]
[White "Kitze, Alexander"]
[Black "Zaehringer, Daniel"]
[Result "1/2-1/2"]
[WhiteElo "2291"]
[BlackElo "2145"]
[PlyCount "40"]
[EventDate "2023.10.22"]
[EventType "team-tourn"]
[EventCountry "GER"]
[WhiteTeam "Dresden SG Gruen Weiss"]
[BlackTeam "Plauen SK Koenig"]
[WhiteTeamCountry "GER"]
[BlackTeamCountry "GER"]

1. Nf3 d5 2. g3 Nf6 3. Bg2 c6 4. O-O Bg4 5. d4 e6 6. c4 Nbd7 7. h3 Bh5 8. cxd5 cxd5 9. Ne5 Be7 10. Nc3 O-O 11. Bf4 a6 12. a4 Nxe5 13. dxe5 Nd7 14. Qd2 Bg6 15. Rad1 Nb6 16. b3 Rc8 17. Qb2 Bb4 18. Na2 Rc2 19. Qa1 Qe7 20. Rc1 Rfc8 1/2-1/2

[Event "Oberliga Ost A 2023 2024"]
[Site "?"]
[Date "2024.01.13"]
[Round "4.1"]
[Board "4"]
[White "Kunze, Carlo"]
[Black "Genkin, Michael"]
[Result "1-0"]
[WhiteElo "2271"]
[BlackElo "2265"]
[PlyCount "57"]
[EventDate "2023.10.22"]
[EventType "team-tourn"]
[EventCountry "GER"]
[WhiteTeam "Plauen SK Koenig"]
[BlackTeam "Dresden SG Gruen Weiss"]
[WhiteTeamCountry "GER"]
[BlackTeamCountry "GER"]

1. d4 Nf6 2. c4 e6 3. Nc3 d5 4. Bg5 Be7 5. e3 O-O 6. Nf3 Nbd7 7. Qc2 a6 8. Rd1 h6 9. Bh4 dxc4 10. Bxc4 b6 11. O-O Bb7 12. Be2 Rc8 13. Bg3 Qe8 14. e4 Nh5 15. e5 Nxg3 16. hxg3 b5 17. d5 exd5 18. Nxd5 Bd8 19. Rfe1 c6 20. Nf4 Ba5 21. Bd3 Bxe1 22. Rxe1 c5 23. e6 Bxf3 24. gxf3 Kh8 25. Bf5 fxe6 26. Ng6+ Kg8 27. Bxe6+ Rf7 28. Bxf7+ Qxf7 29. Ne7+ 1-0

[Event "Oberliga Ost A 2023 2024"]
[Site "?"]
[Date "2024.01.13"]
[Round "4.1"]
[Board "5"]
[White "Siedentopf, Daniel"]
[Black "Burian, Simon"]
[Result "0-1"]
[WhiteElo "2253"]
[BlackElo "2139"]
[PlyCount "98"]
[EventDate "2023.10.22"]
[EventType "team-tourn"]
[EventCountry "GER"]
[WhiteTeam "Dresden SG Gruen Weiss"]
[BlackTeam "Plauen SK Koenig"]
[WhiteTeamCountry "GER"]
[BlackTeamCountry "GER"]

1. d4 Nf6 2. c4 c5 3. d5 b5 4. cxb5 a6 5. bxa6 g6 6. Nc3 Bg7 7. e4 O-O 8. e5 Ne8 9. h4 Bxe5 10. Bh6 Ng7 11. Nf3 Bf6 12. Qd2 Qa5 13. h5 d6 14. hxg6 fxg6 15. Rc1 Nxa6 16. Bc4 Rb8 17. b3 Nc7 18. O-O Bb7 19. Rfd1 Ra8 20. Qd3 Ba6 21. Rd2 Bxc4 22. Qxc4 Qa6 23. Ne4 Qxc4 24. Rxc4 Na6 25. Nfg5 Nb4 26. Nxf6+ Rxf6 27. Bxg7 Kxg7 28. Re4 Rf5 29. f4 Ra7 30. a3 Rxd5 31. Rde2 Rd1+ 32. Kh2 Nd5 33. b4 cxb4 34. axb4 Rb1 35. Ne6+ Kf6 36. Nd8 Rxb4 37. Re6+ Kf5 38. g3 Ra3 39. Nf7 Kg4 40. Nh6+ Kh5 41. Ng8 Rbb3 42. Rxe7 Nxe7 43. Nf6+ Kh6 44. Rxe7 g5 45. fxg5+ Kg6 46. Re6 Kf5 47. Rxd6 Rxg3 48. Rd7 Rgb3 49. Rd2 Rh3+ 0-1

[Event "Oberliga Ost A 2023 2024"]
[Site "?"]
[Date "2024.01.13"]
[Round "4.1"]
[Board "6"]
[White "Sandner, Gunter"]
[Black "Kaiser, Dieter"]
[Result "1-0"]
[WhiteElo "2208"]
[BlackElo "2234"]
[PlyCount "99"]
[EventDate "2023.10.22"]
[EventType "team-tourn"]
[EventCountry "GER"]
[WhiteTeam "Plauen SK Koenig"]
[BlackTeam "Dresden SG Gruen Weiss"]
[WhiteTeamCountry "GER"]
[BlackTeamCountry "GER"]

1. Nf3 c5 2. c4 Nf6 3. Nc3 e6 4. g3 Nc6 5. Bg2 d5 6. cxd5 exd5 7. d4 cxd4 8. Nxd4 Bc5 9. Nxc6 bxc6 10. O-O O-O 11. Qc2 Bb6 12. Na4 Ba6 13. Re1 Re8 14. Nxb6 Qxb6 15. Bf4 Rac8 16. Bh3 Rcd8 17. Bg5 c5 18. Bxf6 Qxf6 19. Qxc5 Bxe2 20. Qc2 Bf3 21. Bg2 h5 22. Bxf3 Qxf3 23. Qc3 Rxe1+ 24. Rxe1 Qg4 25. Qc7 Rd7 26. Qe5 Kh7 27. Kg2 Kg6 28. h3 Qf5 29. Qd4 f6 30. g4 hxg4 31. hxg4 Qg5 32. Qd3+ f5 33. Qa6+ Kh7 34. Rh1+ Kg8 35. Qe6+ Rf7 36. Qe8+ Rf8 37. Qe6+ Rf7 38. Qc8+ Rf8 39. Rh8+ Kxh8 40. Qxf8+ Kh7 41. Qxf5+ Qxf5 42. gxf5 Kg8 43. b4 Kf7 44. Kf3 Kf6 45. Kf4 d4 46. a4 d3 47. Ke3 Kxf5 48. Kxd3 Ke5 49. Kc4 Kd6 50. Kd4 1-0

[Event "Oberliga Ost A 2023 2024"]
[Site "?"]
[Date "2024.01.13"]
[Round "4.1"]
[Board "7"]
[White "Gehmlich, Marcel"]
[Black "Fischer, Erik"]
[Result "1/2-1/2"]
[WhiteElo "2195"]
[BlackElo "2068"]
[PlyCount "79"]
[EventDate "2023.10.22"]
[EventType "team-tourn"]
[EventCountry "GER"]
[WhiteTeam "Dresden SG Gruen Weiss"]
[BlackTeam "Plauen SK Koenig"]
[WhiteTeamCountry "GER"]
[BlackTeamCountry "GER"]

1. Nf3 d5 2. d4 Nf6 3. e3 c6 4. b3 Bg4 5. Bb2 e6 6. Nbd2 Bd6 7. h3 Bh5 8. Bd3 Nbd7 9. g4 Bg6 10. Bxg6 hxg6 11. Ne5 Ne4 12. Nxe4 dxe4 13. Nxd7 Qxd7 14. Qe2 Qe7 15. O-O-O O-O-O 16. f3 exf3 17. Qxf3 e5 18. d5 cxd5 19. Rxd5 Ba3 20. Ra5 Bxb2+ 21. Kxb2 Kb8 22. Qe4 Rhe8 23. Rf1 Qe6 24. Rb5 Re7 25. Rf2 a6 26. Rc5 Qd6 27. Rc4 Qd5 28. Qxd5 Rxd5 29. h4 Rd1 30. h5 gxh5 31. gxh5 Rh1 32. Rg4 f6 33. Rfg2 Rxh5 34. Rxg7 Rxg7 35. Rxg7 Rh3 36. Rf7 Rxe3 37. Rxf6 Kc7 38. Re6 Kd7 39. Rb6 Kc7 40. Re6 1/2-1/2

[Event "Oberliga Ost A 2023 2024"]
[Site "?"]
[Date "2024.01.13"]
[Round "4.1"]
[Board "8"]
[White "Pfretzschner, Roland"]
[Black "Butscher, Daniel"]
[Result "1/2-1/2"]
[WhiteElo "2137"]
[BlackElo "2124"]
[PlyCount "51"]
[EventDate "2023.10.22"]
[EventType "team-tourn"]
[EventCountry "GER"]
[WhiteTeam "Plauen SK Koenig"]
[BlackTeam "Dresden SG Gruen Weiss"]
[WhiteTeamCountry "GER"]
[BlackTeamCountry "GER"]

1. e4 d6 2. Nc3 Nf6 3. f4 e5 4. Bc4 exf4 5. d3 Bg4 6. Nf3 Nh5 7. O-O g5 8. h3 Be6 9. Nd4 Ng7 10. Nxe6 fxe6 11. g3 Nd7 12. gxf4 gxf4 13. Bxf4 Qh4 14. Qf3 O-O-O 15. Qg3 Qh5 16. Kh2 Rg8 17. Bxe6 Nxe6 18. Qxg8 Nxf4 19. Rxf4 Bh6 20. Qg4 Bxf4+ 21. Qxf4 Rf8 22. Qg4 Qe5+ 23. Kg2 Qe8 24. Kh1 c6 25. Rg1 Kc7 26. d4 1/2-1/2

[Event "Oberliga Ost A 2023 2024"]
[Site "?"]
[Date "2024.01.13"]
[Round "4.2"]
[Board "1"]
[White "Spivak, Ilya"]
[Black "Teske, Henrik"]
[Result "1/2-1/2"]
[WhiteElo "2304"]
[BlackElo "2453"]
[PlyCount "20"]
[EventDate "2023.10.22"]
[EventType "team-tourn"]
[EventCountry "GER"]
[WhiteTeam "Hoyerswerda FVS ASP"]
[BlackTeam "Erfurt SV Empor"]
[WhiteTeamCountry "GER"]
[BlackTeamCountry "GER"]

1. e4 c5 2. Nf3 e6 3. g3 Nc6 4. Bg2 b5 5. O-O Bb7 6. d4 cxd4 7. Nxd4 a6 8. Be3 Nge7 9. Nb3 d6 10. a4 bxa4 1/2-1/2

[Event "Oberliga Ost A 2023 2024"]
[Site "?"]
[Date "2024.01.13"]
[Round "4.2"]
[Board "2"]
[White "Mueller, Magnus"]
[Black "Hovsepyan, Vardan"]
[Result "1/2-1/2"]
[WhiteElo "2137"]
[BlackElo "2278"]
[PlyCount "101"]
[EventDate "2023.10.22"]
[EventType "team-tourn"]
[EventCountry "GER"]
[WhiteTeam "Erfurt SV Empor"]
[BlackTeam "Hoyerswerda FVS ASP"]
[WhiteTeamCountry "GER"]
[BlackTeamCountry "GER"]

1. d4 c5 2. e4 cxd4 3. Nf3 e6 4. Nxd4 Nf6 5. Nc3 Nc6 6. a3 d5 7. Bb5 Bd7 8. exd5 Nxd4 9. Bxd7+ Qxd7 10. Qxd4 Be7 11. O-O O-O 12. Bg5 Rfd8 13. Rad1 exd5 14. Rfe1 h6 15. Bh4 Rac8 16. Qd3 Kh8 17. h3 Rc6 18. Nxd5 Qxd5 19. Rxe7 Qxd3 20. Rxd3 Rxd3 21. cxd3 Rb6 22. b4 Kg8 23. Bxf6 gxf6 24. Kf1 Kg7 25. Ke2 f5 26. Kd2 Ra6 27. Rxb7 Rxa3 28. Rb5 Ra2+ 29. Ke3 f4+ 30. Kf3 Rb2 31. g3 fxg3 32. fxg3 a5 33. Rxa5 Rxb4 34. Re5 Kf6 35. Re4 Rb3 36. Ke3 Ra3 37. Rf4+ Kg6 38. g4 Ra5 39. Ke4 h5 40. Rf5 Ra4+ 41. d4 hxg4 42. hxg4 Ra1 43. Ke5 Re1+ 44. Kd5 Rg1 45. Rf4 f6 46. Kd6 Kg5 47. Rf5+ Kg6 48. Rf4 Kg5 49. Rf5+ Kg6 50. Ke7 Re1+ 51. Kd6 1/2-1/2

[Event "Oberliga Ost A 2023 2024"]
[Site "?"]
[Date "2024.01.13"]
[Round "4.2"]
[Board "3"]
[White "Boehm, Robert"]
[Black "Langheinrich, Ferenc"]
[Result "1/2-1/2"]
[WhiteElo "2143"]
[BlackElo "2347"]
[PlyCount "101"]
[EventDate "2023.10.22"]
[EventType "team-tourn"]
[EventCountry "GER"]
[WhiteTeam "Hoyerswerda FVS ASP"]
[BlackTeam "Erfurt SV Empor"]
[WhiteTeamCountry "GER"]
[BlackTeamCountry "GER"]

1. d4 Nf6 2. Nf3 g6 3. c4 Bg7 4. Nc3 O-O 5. e4 d6 6. Be2 c6 7. O-O a6 8. a4 a5 9. h3 Na6 10. Be3 Nb4 11. Qd2 e5 12. Rad1 exd4 13. Nxd4 Re8 14. Bf3 Nd7 15. Nc2 Qe7 16. Bg5 Bf6 17. Bxf6 Qxf6 18. Ne3 Nc5 19. Qxd6 Qxd6 20. Rxd6 Nbd3 21. b3 Nb4 22. Rb1 Be6 23. Bg4 Bxg4 24. Nxg4 Kg7 25. f3 Red8 26. Rbd1 Rxd6 27. Rxd6 Nxb3 28. e5 Nc5 29. f4 Kf8 30. Nf6 Ke7 31. Nxh7 Nbd3 32. g3 Nb2 33. Nf6 Rd8 34. Rxd8 Kxd8 35. h4 Ke7 36. Kf2 Nbxa4 37. Nxa4 Nxa4 38. Ke3 Nc5 39. Kd4 a4 40. Kc3 a3 41. Kc2 Ke6 42. Kb1 b5 43. cxb5 cxb5 44. Ka2 b4 45. Ne8 Ne4 46. g4 Nf2 47. Nc7+ Kd7 48. h5 Nxg4 49. hxg6 fxg6 50. Nd5 Ke6 51. Nxb4 1/2-1/2

[Event "Oberliga Ost A 2023 2024"]
[Site "?"]
[Date "2024.01.13"]
[Round "4.2"]
[Board "4"]
[White "Heinke, Jasper"]
[Black "Jahnel, Guenther"]
[Result "0-1"]
[WhiteElo "2043"]
[BlackElo "2165"]
[PlyCount "110"]
[EventDate "2023.10.22"]
[EventType "team-tourn"]
[EventCountry "GER"]
[WhiteTeam "Erfurt SV Empor"]
[BlackTeam "Hoyerswerda FVS ASP"]
[WhiteTeamCountry "GER"]
[BlackTeamCountry "GER"]

1. e4 d6 2. d4 Nf6 3. Nc3 g6 4. Be3 c6 5. Qd2 b5 6. f3 Bg7 7. a4 b4 8. Nd1 a5 9. h4 Ba6 10. Bxa6 Nxa6 11. g4 h5 12. g5 Nd7 13. f4 Nb6 14. Nf3 Qd7 15. Qd3 e6 16. Nf2 O-O 17. O-O c5 18. dxc5 Nxc5 19. Bxc5 dxc5 20. Qxd7 Nxd7 21. e5 Nb6 22. Ne4 Nd5 23. Ne1 c4 24. Ng2 Rfd8 25. Rfd1 Bf8 26. Kf2 Be7 27. Kf3 Nb6 28. Ne3 Kf8 29. b3 Rdc8 30. Rd4 cxb3 31. cxb3 Bc5 32. Nxc5 Rxc5 33. Rd6 Rb8 34. Ke4 Rc3 35. Rb1 Rb7 36. Nd1 Nd5 37. Kd4 Rf3 38. Rc1 Rxf4+ 39. Kd3 Rb8 40. Rd7 Rf3+ 41. Ke2 Rf5 42. Rc5 Rxe5+ 43. Kd2 Ke8 44. Ra7 Rd8 45. Kc1 Re1 46. Kc2 Rh1 47. Raxa5 Rxh4 48. Ra7 Rh2+ 49. Kc1 h4 50. a5 Rh1 51. Kc2 Rh2+ 52. Kc1 h3 53. Rc4 Rd7 54. Ra8+ Ke7 55. a6 Nb6 0-1

[Event "Oberliga Ost A 2023 2024"]
[Site "?"]
[Date "2024.01.13"]
[Round "4.2"]
[Board "5"]
[White "Kregelin, Jan"]
[Black "Michalowski, Peter"]
[Result "1/2-1/2"]
[WhiteElo "2117"]
[BlackElo "2059"]
[PlyCount "28"]
[EventDate "2023.10.22"]
[EventType "team-tourn"]
[EventCountry "GER"]
[WhiteTeam "Hoyerswerda FVS ASP"]
[BlackTeam "Erfurt SV Empor"]
[WhiteTeamCountry "GER"]
[BlackTeamCountry "GER"]

1. d4 Nf6 2. c4 e6 3. Nc3 Bb4 4. e3 O-O 5. Bd3 d5 6. Nf3 c5 7. O-O Nc6 8. a3 Bxc3 9. bxc3 b6 10. Bb2 Ba6 11. cxd5 Bxd3 12. Qxd3 Qxd5 13. c4 Qe4 14. Qb3 Rac8 1/2-1/2

[Event "Oberliga Ost A 2023 2024"]
[Site "?"]
[Date "2024.01.13"]
[Round "4.2"]
[Board "6"]
[White "Wiemers, Holger"]
[Black "Wolf, Andreas"]
[Result "1/2-1/2"]
[WhiteElo "2053"]
[BlackElo "2050"]
[PlyCount "41"]
[EventDate "2023.10.22"]
[EventType "team-tourn"]
[EventCountry "GER"]
[WhiteTeam "Erfurt SV Empor"]
[BlackTeam "Hoyerswerda FVS ASP"]
[WhiteTeamCountry "GER"]
[BlackTeamCountry "GER"]

1. d4 Nf6 2. Nf3 d5 3. e3 e6 4. Bd3 Be7 5. Nbd2 Nbd7 6. b3 b6 7. Bb2 Bb7 8. O-O O-O 9. Qe2 c5 10. e4 dxe4 11. Nxe4 Nxe4 12. Bxe4 Bxe4 13. Qxe4 Qc7 14. dxc5 Qxc5 15. Qd4 Qxd4 16. Bxd4 Rfd8 17. Rfe1 Rac8 18. c4 Bb4 19. Red1 f6 20. Bb2 Kf7 21. Kf1 1/2-1/2

[Event "Oberliga Ost A 2023 2024"]
[Site "?"]
[Date "2024.01.13"]
[Round "4.2"]
[Board "7"]
[White "Grohmann, Alexander"]
[Black "Reucker, Friedrich"]
[Result "0-1"]
[WhiteElo "1984"]
[BlackElo "1973"]
[PlyCount "58"]
[EventDate "2023.10.22"]
[EventType "team-tourn"]
[EventCountry "GER"]
[WhiteTeam "Hoyerswerda FVS ASP"]
[BlackTeam "Erfurt SV Empor"]
[WhiteTeamCountry "GER"]
[BlackTeamCountry "GER"]

1. e4 c6 2. d4 d5 3. exd5 cxd5 4. Bd3 Nc6 5. c3 Nf6 6. Bf4 Bg4 7. Qb3 Qd7 8. Nd2 e6 9. Ngf3 Bd6 10. Bxd6 Qxd6 11. O-O O-O 12. Rfe1 Nd7 13. Qc2 h6 14. h3 Bh5 15. g4 Bg6 16. Bxg6 fxg6 17. Qxg6 Rf6 18. Qd3 Raf8 19. Re2 e5 20. dxe5 Ndxe5 21. Nxe5 Nxe5 22. Qg3 Nf3+ 23. Kg2 Qa6 24. c4 Nd4 25. Re5 Rxf2+ 26. Qxf2 Rxf2+ 27. Kxf2 Qf6+ 28. Rf5 Nxf5 29. gxf5 Qxf5+ 0-1